[Event "RN-2016-0-01094"]
[Site "LSS email"]
[Date "2016.02.11"]
[Round "?"]
[White "Mendez, Lorenzo"]
[Black "Lombardi, Donato"]
[Result "1-0"]
[WhiteElo "800"]
[BlackElo "853"]
[PlyCount "47"]
[EventDate "2016.02.01"]
[EventType "tourn (corr)"]
[EventRounds "6"]
[EventCountry "GER"]
[SourceTitle "Corr 2022"]
[Source "ChessBase"]
[SourceDate "2021.10.24"]
[SourceVersion "1"]
[SourceVersionDate "2021.10.24"]
[SourceQuality "1"]

1. e4 e6 2. d4 d5 3. Nc3 Nf6 4. Bg5 Be7 5. e5 Nfd7 6. h4 h6 7. Qh5 Bxg5 8. hxg5 g6 9. Qh4 h5 10. g4 Ke7 11. 0-0-0 a6 12. Be2 Nf8 13. gxh5 gxh5 14. Bxh5 Ng6 15. Qg4 Qg8 16. Nf3 Nd7 17. Bxg6 Rxh1 18. Rxh1 Qxg6 19. Nh4 Qg7 20. Nxd5+ Kd8 21. g6 f5 22. Qg5+ Ke8 23. Nxc7+ Kf8 24. Qd8# 1-0

[Event "OP-2016-0-03952"]
[Site "LSS email"]
[Date "2016.02.11"]
[Round "?"]
[White "Mendez, Lorenzo"]
[Black "Raines, David T"]
[Result "1-0"]
[WhiteElo "800"]
[BlackElo "1196"]
[PlyCount "63"]
[EventDate "2016.02.05"]
[EventType "tourn (corr)"]
[EventRounds "4"]
[EventCountry "GER"]
[SourceTitle "Corr 2022"]
[Source "ChessBase"]
[SourceDate "2021.10.24"]
[SourceVersion "1"]
[SourceVersionDate "2021.10.24"]
[SourceQuality "1"]

1. e4 c5 2. Nf3 d6 3. d4 cxd4 4. Nxd4 Nf6 5. Nc3 a6 6. Bg5 e6 7. Qf3 Be7 8. 0-0-0 Qc7 9. Kb1 Nc6 10. Nxc6 Qxc6 11. Be2 Bd7 12. Qd3 h6 13. Bf4 e5 14. Bg3 0-0 15. f4 b5 16. fxe5 dxe5 17. Bxe5 Rfd8 18. Nd5 Nxd5 19. exd5 Qg6 20. Qxg6 fxg6 21. d6 Bf6 22. Bxf6 gxf6 23. Bf3 Rab8 24. Rhe1 Re8 25. Re7 Rbd8 26. Bd5+ Kh8 27. Bf7 Rg8 28. Bxg8 Kxg8 29. b3 h5 30. c4 bxc4 31. bxc4 Kf8 32. Rxd7 1-0

[Event "RN-2016-0-01094"]
[Site "LSS email"]
[Date "2016.02.10"]
[Round "?"]
[White "Lenz, Juergen"]
[Black "Mendez, Lorenzo"]
[Result "0-1"]
[WhiteElo "1137"]
[BlackElo "800"]
[PlyCount "96"]
[EventDate "2016.02.01"]
[EventType "tourn (corr)"]
[EventRounds "6"]
[EventCountry "GER"]
[SourceTitle "Corr 2022"]
[Source "ChessBase"]
[SourceDate "2021.10.24"]
[SourceVersion "1"]
[SourceVersionDate "2021.10.24"]
[SourceQuality "1"]

1. d4 d5 2. Bf4 c5 3. e3 Nc6 4. c3 Nf6 5. Nd2 Bf5 6. Ngf3 Qb6 7. Qb3 cxd4 8. exd4 Qxb3 9. axb3 h6 10. b4 Nh5 11. Bg3 Nxg3 12. hxg3 e6 13. b5 Nd8 14. Nb3 Bd6 15. Na5 b6 16. Nc6 0-0 17. Kd2 Be4 18. Bd3 Bxf3 19. gxf3 Nxc6 20. bxc6 a5 21. Bb5 Rfc8 22. b3 Kh7 23. f4 g6 24. c4 Bb4+ 25. Ke3 Rd8 26. g4 Rac8 27. Rh3 Kg7 28. Rah1 Bc3 29. c5 bxc5 30. dxc5 Rh8 31. Kd3 Bb4 32. Rc1 h5 33. gxh5 Rxh5 34. Rch1 Rxh3+ 35. Rxh3 Bxc5 36. f3 Bd6 37. Ke3 Rb8 38. Ba4 Rb4 39. f5 gxf5 40. Rh1 Bf4+ 41. Kd3 Kf6 42. Rh8 e5 43. Kc2 e4 44. fxe4 fxe4 45. Ra8 d4 46. Rxa5 d3+ 47. Kd1 e3 48. Bb5 e2+ 0-1

[Event "OP-2012-0-02165"]
[Site "LSS email"]
[Date "2012.04.24"]
[Round "?"]
[White "Mendez, Lorenzo"]
[Black "Schenning, Albert AM"]
[Result "0-1"]
[WhiteElo "800"]
[BlackElo "2051"]
[PlyCount "68"]
[EventDate "2012.04.20"]
[EventType "tourn (corr)"]
[EventRounds "4"]
[EventCountry "GER"]
[SourceTitle "Corr 2015"]
[Source "ChessBase"]
[SourceDate "2015.07.17"]
[SourceVersion "1"]
[SourceVersionDate "2015.07.17"]
[SourceQuality "1"]

1. d4 Nf6 2. c4 e6 3. Nc3 Bb4 4. e3 b6 5. Nge2 Ba6 6. a3 Be7 7. Ng3 d5 8. Qf3 c6 9. b3 h5 10. cxd5 Bxf1 11. Kxf1 cxd5 12. e4 h4 13. Nge2 dxe4 14. Nxe4 Nxe4 15. Qxe4 Nd7 16. Bb2 Rc8 17. Rc1 Rxc1+ 18. Bxc1 Nf6 19. Qc6+ Qd7 20. Qa8+ Bd8 21. Bg5 0-0 22. Qf3 Nd5 23. Bxd8 Rxd8 24. a4 e5 25. g4 exd4 26. Nxd4 Qc7 27. Ne2 h3 28. Qxh3 Nf4 29. Nxf4 Qc6 30. Nd5 Qxd5 31. Rg1 Qe4 32. Qe3 Rd1+ 33. Ke2 Qxe3+ 34. fxe3 Rxg1 0-1